000 01103nam a2200301 i 4500
001 19268
003 ES-MaACL
005 20230906152045.0
007 t|
008 020708s2001 sp ||||1| spa d
020 _a84-259-1162-1
080 _a329(460)(091)
080 _a94(460)"1955/75"
100 1 _aGarcía Alcalá, Julio Antonio.
_954126
245 1 0 _aHistoria del "Felipe"
_b: (FLP, FOC y ESBA) : de Julio Cerón a la Liga Comunista Revolucionaria /
_cJulio Antonio García Alcalá ; prólogo, José Ramón Recalde.
260 _aMadrid :
_bCentro de Estudios Políticos y Constitucionales,
_c2001.
300 _a333 p. ;
_c22 cm.
490 1 _aEstudios políticos
500 _aIndice.
504 _aBibliografía: p.321-333.
610 2 7 _aFrente de Liberación Popular (España)-
_vHistoria.
_94186
651 4 _aEspaña-
_xHistoria-
_y1955-1975.
_98337
700 1 _aRecalde, José Ramón.
_995735
710 2 _aCentro de Estudios Constitucionales (España)
_92618
830 0 _aEstudios políticos
_9180572
852 _aES-MaACL
_jL-25703
_bR.131361
999 _c19268
_d19268